书目信息 |
| 题名: |
中国金鱼图鉴
|
|
| 作者: | 王鸿媛 | |
| 分册: | ||
| 出版信息: | 北京 文化艺术出版社 2000 |
|
| 页数: | 257 | |
| 开本: | 20cm | |
| 丛书名: | ||
| 单 册: | ||
| 中图分类: | Q959.4 | |
| 科图分类: | ||
| 主题词: | 动物学:分类学 | |
| 电子资源: | ||
| ISBN: | 7-5039-1823-3 | |
| 000 | 00583nam0 2200193 450 | |
| 001 | 0741144344 | |
| 005 | 20070817112544.34 | |
| 010 | @a7-5039-1823-3@b精装@d¥118.00 | |
| 100 | @a20070817d km y0chiy0120 ea | |
| 101 | 0 | @achi |
| 200 | 1 | @a中国金鱼图鉴@Azhong guo jin yu tu jian@e中国金鱼名录@f王鸿媛@Fwang hong yuan |
| 210 | @a北京@c文化艺术出版社@d2000 | |
| 215 | @a257@d20cm | |
| 517 | 1 | @a中国金鱼名录@Azhong guo jin yu ming lu |
| 606 | 0 | @a动物学:分类学 |
| 690 | @aQ959.4@v3 | |
| 701 | 0 | @a王鸿媛@Awang hong yuan |
| 801 | 0 | @aCN@bPFT@c20070817 |
| 905 | @a213230@dQ959.4@en1@f1 | |
| 中国金鱼图鉴:中国金鱼名录/王鸿媛.-北京:文化艺术出版社,2000 |
| 257;20cm |
| ISBN 7-5039-1823-3(精装):¥118.00 |
| ● |
| 相关链接 |
|
|
|
|
正题名:中国金鱼图鉴
索取号:Q959.4/n1
 
预约/预借
| 序号 | 登录号 | 条形码 | 馆藏地/架位号 | 状态 | 备注 |
| 1 | 6600460 | 266004600 | 密集书库-生命科学系/ [索取号:Q959.4/n1] | 在馆 |